00694pam a2200229 a 4500001000800000005001700008008004100025010001700066020002500083040001800108041000800126080001800134082002200152100000600174101000800180245005300188504003200241906004500273942001200318999001700330952011700347387055320180208092644.0890403s1989 maua b 001 0 eng  a 89007520  a0395498619 :c$18.95 aDLCcDLCdDLC aeng a616.8045 MAR00a616.8045 MAR2201 a7 aNEU10aBrain power :cVernon Mark with Jeffrey P. Mark. aBibliography: p. [235]-239. a7bcbccorignewd1eocipf19gy-gencatlg 2ddccBK c42181d42181 00102udc40708PËKGa002b002cPËKGd2018-02-08l0o616.8045 MARp002-2998913r2018-02-08w2018-02-08yBK